000 00207 a2200097 4500
001 45621
100 _aTaylor P
245 _aThe old forest
260 _aLondon
_bChatto & windus
_c
090 _c28788
_d28788
942 _aNUST-CAE
_cM
_c20877
999 _c280694
_d280694